Normal view MARC view

Entry Personal Name

Number of records used in: 2

001 - CONTROL NUMBER

  • control field: 87164

003 - CONTROL NUMBER IDENTIFIER

  • control field: dpl

005 - DATE AND TIME OF LATEST TRANSACTION

  • control field: 20260205161729.0

008 - FIXED-LENGTH DATA ELEMENTS

  • fixed length control field: 260205|| aca||aabn | a|a d

040 ## - CATALOGING SOURCE

  • Original cataloging agency: dpl
  • Transcribing agency: dpl

100 ## - HEADING--PERSONAL NAME

  • Personal name: J.L. Anil Kumar

670 ## - SOURCE DATA FOUND

  • Source citation: Work cat.: (dpl)214678: Rao, Lakshmana J.R 87163, Charming Moments With Scientists/, 2025

© Delhi Public Library
Hit Counter
free hit counter